Philippines / (Record no. 300769)
[ view plain ]
| 000 -LEADER | |
|---|---|
| fixed length control field | 01258cas a2200361 a 4500 |
| 001 - CONTROL NUMBER | |
| control field | 13090796 |
| 003 - CONTROL NUMBER IDENTIFIER | |
| control field | SISC |
| 005 - DATE AND TIME OF LATEST TRANSACTION | |
| control field | 20160901090244.0 |
| 008 - FIXED-LENGTH DATA ELEMENTS--GENERAL INFORMATION | |
| fixed length control field | 030212c19989999at uu 0 0eng c |
| 010 ## - LIBRARY OF CONGRESS CONTROL NUMBER | |
| LC control number | 2003208674 |
| Canceled/invalid LC control number | 98172416 |
| 020 ## - INTERNATIONAL STANDARD BOOK NUMBER | |
| International Standard Book Number | 9781742207834 |
| 035 ## - SYSTEM CONTROL NUMBER | |
| System control number | (OCoLC)ocm50706921 |
| 040 ## - CATALOGING SOURCE | |
| Original cataloging agency | CSd |
| Language of cataloging | eng |
| Transcribing agency | CSd |
| Modifying agency | OCoLC |
| -- | DLC |
| -- | OCoLC |
| -- | NN |
| -- | OrU |
| -- | MH |
| -- | OCoLC |
| 042 ## - AUTHENTICATION CODE | |
| Authentication code | pcc |
| 043 ## - GEOGRAPHIC AREA CODE | |
| Geographic area code | e-uk-en |
| 050 00 - LIBRARY OF CONGRESS CALL NUMBER | |
| Classification number | DA 679 |
| Item number | .P552 1998 |
| 082 04 - DEWEY DECIMAL CLASSIFICATION NUMBER | |
| Classification number | 914.21204 |
| Item number | LONDON |
| 130 0# - MAIN ENTRY--UNIFORM TITLE | |
| Uniform title | London (Lonely Planet Publications (Firm)) |
| 245 10 - TITLE STATEMENT | |
| Title | Philippines / |
| 246 3# - VARYING FORM OF TITLE | |
| Title proper/short title | Lonely Planet London |
| 246 3# - VARYING FORM OF TITLE | |
| Title proper/short title | London city guide |
| 250 ## - EDITION STATEMENT | |
| Edition statement | 12th edition. |
| 260 3# - PUBLICATION, DISTRIBUTION, ETC. (IMPRINT) | |
| Place of publication, distribution, etc | Footscray, Vic. ; |
| -- | Oakland, CA : |
| Name of publisher, distributor, etc | Lonely Planet Publications Pty Ltd, |
| Date of publication, distribution, etc | 2015. |
| 300 ## - PHYSICAL DESCRIPTION | |
| Extent | 476 pages (some color) : |
| Other physical details | color maps, illustrations ; |
| Dimensions | 19 cm. |
| 362 0# - DATES OF PUBLICATION AND/OR SEQUENTIAL DESIGNATION | |
| Dates of publication and/or sequential designation | 1st ed.- |
| 651 #0 - SUBJECT ADDED ENTRY--GEOGRAPHIC NAME | |
| Geographic name | London (England) |
| Form subdivision | Guidebooks. |
| 710 2# - ADDED ENTRY--CORPORATE NAME | |
| Corporate name or jurisdiction name as entry element | Lonely Planet Publications (Firm) |
| 776 08 - ADDITIONAL PHYSICAL FORM ENTRY | |
| Display text | Online version: |
| Title | London (Lonely Planet Publications (Firm)) |
| Record control number | (OCoLC)654590556 |
| 906 ## - LOCAL DATA ELEMENT F, LDF (RLIN) | |
| a | 7 |
| b | cbc |
| c | serials |
| d | 2 |
| e | ncip |
| f | 20 |
| g | n-oclcserc |
| 942 ## - ADDED ENTRY ELEMENTS (KOHA) | |
| Source of classification or shelving scheme | Library of Congress Classification |
| Koha item type | Books |
| Withdrawn status | Lost status | Source of classification or shelving scheme | Damaged status | Home library | Current library | Shelving location | Date acquired | Source of acquisition | Cost, normal purchase price | Sub Shelving location | Total Checkouts | Full call number | Barcode | Date last seen | Price effective from | Koha item type |
|---|---|---|---|---|---|---|---|---|---|---|---|---|---|---|---|---|
| Library of Congress Classification | College Library | College Library | Reference Section | 09/01/2016 | Library Fund | 2295.00 | DA 679 .P552 1998 | C20693 | 05/08/2018 | 09/01/2016 | Books |